| 000 | 00944nam a2200349 a 4500 | ||
|---|---|---|---|
| 003 | AR-BaBNM | ||
| 005 | 20251128205108.0 | ||
| 008 | 082120s2002 ||||||||||||||000 | spa|| | ||
| 020 | _a950-526-101-2 | ||
| 040 | _cAR-BaBNM | ||
| 100 | 1 | _aAlbertelli, Jorge | |
| 245 | 0 | 0 | _aLos "cien días" de Eva Perón |
| 260 |
_aBuenos Aires _bCesarini _c1994 |
||
| 300 |
_a146 p. _bil. |
||
| 500 | _aRecuerdos del ginecólogo que atendió a Eva Perón en los tramos finales de su enfermedad | ||
| 600 | 1 | 4 | _aPerón, Eva |
| 600 | 1 | 4 | _aPerón, Juan Domingo |
| 600 | 1 | 4 | _aMende, Raúl |
| 600 | 1 | 4 | _aAlbertelli, Jorge |
| 600 | 1 | 4 | _aCanonico, Abel |
| 600 | 0 | 4 |
_aPerón _d1946-1951 |
| 610 | 2 | 4 | _aPartido Justicialista |
| 650 | 4 | _aBIOGRAFIAS | |
| 650 | 4 | _aHISTORIA | |
| 650 | 4 | _aPOLITICA | |
| 651 | 4 | _aArgentina | |
| 653 | _aPERONISMO | ||
| 655 | _aBIOGRAFIAS | ||
| 700 | 1 |
_aLuna, Félix _eprologuista |
|
| 942 | _cBK | ||
| 998 | _cEnrique | ||
| 999 |
_c9969 _d9969 |
||